Normal view
MARC view
Entry Nombre de reunión
001 - NÚMERO DE CONTROL
- campo de control: 67879
003 - IDENTIFICADOR DEL NÚMERO DE CONTROL
- campo de control: OSt
005 - FECHA Y HORA DE LA ÚLTIMA TRANSACCIÓN
- campo de control: 20200615035746.0
008 - DATOS DE LONGITUD FIJA
- campo de control de longitud fija: 200615|| aca||aabn | a|a d
040 ## - FUENTE DE LA CATALOGACIÓN
- Centro catalogador/agencia de origen: OSt
- Centro/agencia transcriptor: OSt
111 ## - ENCABEZAMIENTO--NOMBRE DE CONGRESO/REUNIÓN
- Nombre de congreso/reunión o jurisdicción como elemento de entrada: Congreso Internacional 500 años de la llegada de los dominicos a América y del 472 aniversario de la Universidad Autónoma de Santo Domingo
- Sede del congreso/Lugar de la reunión: (Santo Domingo
- Fecha del congreso/reunión: 2010 : 14-16 octubre )
670 ## - FUENTE DE DATOS ENCONTRADOS
- Cita de la fuente: Work cat.: (OSt)40760: Congreso Internacional 500 años de la llegada de los dominicos a América y del 472 aniversario de la Universidad Autónoma de Santo Domingo (Santo Domingo 2010 : 14-16 octubre ), 500 años de lucha por la justicia :, 2011.
